[Event "Wolfsburg op-A"]
[Site "Wolfsburg"]
[Date "2024.11.17"]
[Round "4"]
[White "Beckmann, Jonathan"]
[Black "Poelig, Juergen"]
[Result "0-1"]
[WhiteElo "1860"]
[BlackElo "1874"]
[PlyCount "102"]
[EventDate "2024.11.15"]
[EventType "swiss"]
[EventRounds "5"]
[EventCountry "GER"]
[SourceTitle "CB49_2024"]
[SourceDate "2024.12.04"]
[SourceVersion "1"]
[SourceVersionDate "2024.12.04"]
[SourceQuality "1"]

1. e4 e6 2. d4 d5 3. Bd3 c5 4. exd5 exd5 5. Nf3 Bd6 6. 0-0 Ne7 7. Re1 Bg4 8. dxc5 Bxc5 9. c3 Nbc6 10. Be3 Bd6 11. Nbd2 f6 12. Qa4 Qd7 13. Bf4 Bc5 14. Be3 Bd6 15. Bf4 Bc5 16. b4 Bb6 17. b5 Nd8 18. Bd6 Qxd6 19. Qxg4 0-0 20. Nd4 f5 21. Qg5 Bxd4 22. cxd4 Rf6 23. Nf3 Nf7 24. Qe3 Ng6 25. Ne5 f4 26. Qh3 Nf8 27. Rac1 Rh6 28. Qf5 Qf6 29. Nxf7 Qxf7 30. Qe5 Re6 31. Qg5 Rae8 32. Rxe6 Rxe6 33. h3 f3 34. Rc5 fxg2 35. Qxd5 b6 36. Qf5 Re1+ 37. Kxg2 bxc5 38. Qxc5 g6 39. Bc4 Ne6 40. Qb4 Re4 41. Qc3 Qf6 42. Qd3 Rh4 43. Qg3 Rh5 44. Qd6 Rg5+ 45. Kf1 Kg7 46. Bxe6 Kh6 47. a4 Rf5 48. Ke2 Rxf2+ 49. Kd3 Qf3+ 50. Kc4 Rc2+ 51. Kb4 Qc3# 0-1

[Event "GER-ch U25 op-B"]
[Site "Willingen"]
[Date "2024.05.22"]
[Round "6"]
[White "Beckmann, Jonathan"]
[Black "Borgert, Alexander"]
[Result "1-0"]
[WhiteElo "1827"]
[BlackElo "1683"]
[PlyCount "93"]
[EventDate "2024.05.19"]
[EventType "swiss"]
[EventRounds "9"]
[EventCountry "GER"]
[SourceTitle "EXT 2025"]
[Source "ChessBase"]
[SourceDate "2024.10.14"]
[SourceVersion "1"]
[SourceVersionDate "2024.10.14"]
[SourceQuality "1"]

1. d4 d5 2. c4 e6 3. Nc3 Nf6 4. cxd5 exd5 5. Bg5 Nbd7 6. e3 c6 7. Bd3 Bd6 8. Nge2 0-0 9. Bf4 Bxf4 10. Nxf4 Re8 11. 0-0 Nb6 12. Qc2 h6 13. b4 a5 14. b5 Bd7 15. Rab1 cxb5 16. Nxb5 Bxb5 17. Rxb5 Re7 18. Rfb1 Rc8 19. Qb3 Nc4 20. Bxc4 dxc4 21. Qa4 Ne4 22. Qxa5 Qxa5 23. Rxa5 c3 24. Rc1 g5 25. Nd5 Re6 26. f3 Nd2 27. Kf2 Rcc6 28. Rxc3 Rxc3 29. Nxc3 Nc4 30. Ra8+ Kg7 31. e4 Rb6 32. d5 Kf6 33. Rh8 Kg7 34. Rc8 Nd6 35. Rc7 Kf6 36. Ke3 Rb4 37. g3 Kg6 38. f4 gxf4+ 39. gxf4 f6 40. Kd3 Rb2 41. e5 fxe5 42. fxe5 Nf7 43. Re7 Rxh2 44. d6 Nxe5+ 45. Rxe5 Rf2 46. d7 Rf8 47. Re8 1-0